| 000 | 00573nam a22002177a 4500 | ||
|---|---|---|---|
| 005 | 20170124110105.0 | ||
| 010 | _aA-285295 | ||
| 020 |
_c00.00 _a043613957 |
||
| 035 | _aA-285295 | ||
| 037 | _bCen Lib/Ret | ||
| 040 |
_aDPL _bEN |
||
| 082 |
_aN _bDUN |
||
| 100 |
_aDunne, Colin _927927 |
||
| 245 |
_aBlack ice / _cby Colin Dunne |
||
| 260 |
_aLondon _bMartin Secker & Warburg _c1986 |
||
| 270 |
_bLondon _a54 poland street |
||
| 300 |
_a219p. _c19cm(Hb) |
||
| 650 |
_aLiterature _xFiction _972879 |
||
| 650 |
_aEnglish novel _914422 |
||
| 942 |
_2ddc _cEN _hN _mDUN |
||
| 999 |
_c129966 _d129966 |
||